MARC details
| 000 -LEADER |
| campo de control de longitud fija |
00977nam a22002657a 4500 |
| 001 - NÚMERO DE CONTROL |
| campo de control |
000911 |
| 003 - IDENTIFICADOR DE NÚMERO DE CONTROL |
| campo de control |
CoMeUDC000911 |
| 005 - FECHA Y HORA DE LA ÚLTIMA TRANSACCIÓN |
| campo de control |
20190130201312.0 |
| 008 - DATOS DE LONGITUD FIJA--INFORMACIÓN GENERAL |
| campo de control de longitud fija |
151023s1990 ck a gr 00010 spa d |
| 040 ## - FUENTE DE CATALOGACIÓN |
| Centro catalogador/agencia de origen |
CO-BoBLA |
| Lengua de catalogación |
spa |
| Centro/agencia transcriptor |
CoMeUDC |
| 043 ## - CÓDIGO DE ÁREA GEOGRÁFICA |
| Código de área geográfica |
s-ck--- |
| 082 04 - NÚMERO DE LA CLASIFICACIÓN DECIMAL DEWEY |
| Número de clasificación |
581.5 |
| Número de ítem |
E77 |
| Información de edición |
21 |
| 100 1# - ENTRADA PRINCIPAL--NOMBRE DE PERSONA |
| Nombre de persona |
Espinal T., Luis Sigifredo. |
| 245 10 - MENCIÓN DEL TÍTULO |
| Título |
Zonas de vida de Colombia / |
| Mención de responsabilidad, etc. |
Luis Sigifredo Espinal T. |
| 260 ## - PUBLICACIÓN, DISTRIBUCIÓN, ETC. |
| Lugar de publicación, distribución, etc. |
Medellin : |
| Nombre del editor, distribuidor, etc. |
Universidad Nacional de Colombia. Facultad de Ciencias. Departamento de Ciencias de la Tierra, |
| Fecha de publicación, distribución, etc. |
1990. |
| 300 ## - DESCRIPCIÓN FÍSICA |
| Extensión |
119 páginas : |
| Otras características físicas |
ilustarciones, gráficas ; |
| Dimensiones |
24 cm. |
| 504 ## - NOTA DE BIBLIOGRAFÍA, ETC. |
| Nota de bibliografía, etc. Nota |
Incluye referencias bibliográficas (página 121) |
| 650 #4 - PUNTO DE ACCESO ADICIONAL DE MATERIA--TÉRMINO DE MATERIA |
| Término de materia o nombre geográfico como elemento de entrada |
Arboles |
| Subdivisión general |
Especies |
| Subdivisión geográfica |
Colombia. |
| 650 #4 - PUNTO DE ACCESO ADICIONAL DE MATERIA--TÉRMINO DE MATERIA |
| Término de materia o nombre geográfico como elemento de entrada |
Bosques |
| Subdivisión geográfica |
Colombia. |
| 650 #4 - PUNTO DE ACCESO ADICIONAL DE MATERIA--TÉRMINO DE MATERIA |
| Término de materia o nombre geográfico como elemento de entrada |
Bosques |
| Subdivisión general |
Clasificación |
| Subdivisión geográfica |
Colombia. |
| 650 #0 - PUNTO DE ACCESO ADICIONAL DE MATERIA--TÉRMINO DE MATERIA |
| Término de materia o nombre geográfico como elemento de entrada |
Vegetación |
| Subdivisión geográfica |
Colombia. |
| 9 (RLIN) |
1419 |
| 650 #0 - PUNTO DE ACCESO ADICIONAL DE MATERIA--TÉRMINO DE MATERIA |
| Término de materia o nombre geográfico como elemento de entrada |
Páramos |
| Subdivisión geográfica |
Colombia. |
| 9 (RLIN) |
1420 |
| 942 ## - ELEMENTOS DE ENTRADA SECUNDARIOS (KOHA) |
| Fuente del sistema de clasificación o colocación |
Clasificación Decimal Dewey |
| Tipo de ítem Koha |
Libros |
| 949 ## - PROCESAMIENTO DE INFORMACIÓN LOCAL (OCLC) |
| a |
n |
| b |
n |